| 000 | 00760nas a2200265 4500 | ||
|---|---|---|---|
| 001 | BR9800795 | ||
| 003 | BR-BrBNA | ||
| 005 | 20231205100902.0 | ||
| 007 | ta | ||
| 008 | 230509b bl.|||p| |||| 00| 00por d | ||
| 040 |
_aBR-BrBNA _bpor _cBiblioteca Nacional de Agricultura |
||
| 041 | _a(Pt) | ||
| 072 | _aH10 | ||
| 100 | 1 | _aFagotti, M.A.O. | |
| 100 | 1 | _aDelgado, J.P. | |
| 100 | 1 | _aBenatti, F.V. | |
| 100 | 1 | _aCalafiori, M.H. | |
| 245 | 1 | _aDanos de tesourinha, Doru lineare (Enchs, 1822)em arroz (Oryza sativae L.) | |
| 650 | _aArroz | ||
| 650 | _aInseto | ||
| 650 | _aTesourinha | ||
| 773 | 0 |
_tEcossistema (Brazil) _xISSN 0100-4107 _g(Oct-Dec 1996), v. 21 p. 40-41 _wBR9800795 |
|
| 909 |
_a202311 _bLúcia _c55 _dLúcia Elande |
||
| 942 |
_2AGRIS _n0 _cANA |
||
| 999 |
_c158617 _d158617 |
||